<?xml version="1.0" encoding="UTF-8"?><?xml-stylesheet type="text/xsl" href="static/style.xsl"?><OAI-PMH xmlns="http://www.openarchives.org/OAI/2.0/" xmlns:xsi="http://www.w3.org/2001/XMLSchema-instance" xsi:schemaLocation="http://www.openarchives.org/OAI/2.0/ http://www.openarchives.org/OAI/2.0/OAI-PMH.xsd"><responseDate>2026-04-13T01:19:10Z</responseDate><request verb="GetRecord" identifier="oai:www.recercat.cat:2117/15793" metadataPrefix="marc">https://recercat.cat/oai/request</request><GetRecord><record><header><identifier>oai:recercat.cat:2117/15793</identifier><datestamp>2025-07-17T09:34:14Z</datestamp><setSpec>com_2072_1033</setSpec><setSpec>col_2072_452950</setSpec></header><metadata><record xmlns="http://www.loc.gov/MARC21/slim" xmlns:dcterms="http://purl.org/dc/terms/" xmlns:xsi="http://www.w3.org/2001/XMLSchema-instance" xmlns:doc="http://www.lyncode.com/xoai" xsi:schemaLocation="http://www.loc.gov/MARC21/slim http://www.loc.gov/standards/marcxml/schema/MARC21slim.xsd">
   <leader>00925njm 22002777a 4500</leader>
   <datafield ind2=" " ind1=" " tag="042">
      <subfield code="a">dc</subfield>
   </datafield>
   <datafield ind2=" " ind1=" " tag="720">
      <subfield code="a">Iwaniec, H.</subfield>
      <subfield code="e">author</subfield>
   </datafield>
   <datafield ind2=" " ind1=" " tag="720">
      <subfield code="a">Jiménez Urroz, Jorge</subfield>
      <subfield code="e">author</subfield>
   </datafield>
   <datafield ind2=" " ind1=" " tag="260">
      <subfield code="c">2010</subfield>
   </datafield>
   <datafield ind2=" " ind1=" " tag="520">
      <subfield code="a">Nowadays the generation of cryptosystems requires two main aspects. First&#xd;
the security, and then the size of the keys involved in the construction and&#xd;
comunication process. About the former one needs a di±cult mathematical&#xd;
assumption which ensures your system will not be broken unless a well known&#xd;
di±cult problem is solved. In this context one of the most famous assumption&#xd;
underlying a wide variety of cryptosystems is the computation of logarithms in&#xd;
¯nite ¯elds and the Di±e Hellman assumption. However it is also well known&#xd;
that elliptic curves provide good examples of representation of abelian groups&#xd;
reducing the size of keys needed to guarantee the same level of security as in&#xd;
the ¯nite ¯eld case. The ¯rst thing one needs to perform elliptic logarithms&#xd;
which are computationaly secure is to ¯x a ¯nite ¯eld, Fp, and one curve, E=Fp&#xd;
de¯ned over the ¯eld, such that jE(Fp)j has a prime factor as large as possible.&#xd;
In practice the problem of ¯nding such a pair, of curve and ¯eld, seems simple,&#xd;
just take a curve with integer coe±cients and a prime p of good reduction at&#xd;
random and see if jE(Fp)j has a big prime factor. However the theory that&#xd;
makes the previous algorithm useful is by no means obvious, neither clear or&#xd;
complete. For example it is well known that supersingular elliptic curves have&#xd;
to be avoided in the previous process since they reduce the security of any&#xd;
cryptosystem based on the Di±e Hellman assumption on the elliptic logarithm.&#xd;
But more importantly, the process will be feasible whenever the probability to&#xd;
¯nd a pair, (E; p), with a big prime factor qj jE(Fp)j is big enough. One problem&#xd;
arises naturally from the above.</subfield>
   </datafield>
   <datafield ind2=" " ind1=" " tag="520">
      <subfield code="a">Peer Reviewed</subfield>
   </datafield>
   <datafield ind2=" " ind1=" " tag="520">
      <subfield code="a">Postprint (published version)</subfield>
   </datafield>
   <datafield tag="653" ind2=" " ind1=" ">
      <subfield code="a">Àrees temàtiques de la UPC::Matemàtiques i estadística::Anàlisi matemàtica::Equacions funcionals</subfield>
   </datafield>
   <datafield tag="653" ind2=" " ind1=" ">
      <subfield code="a">Differential equations, Elliptic</subfield>
   </datafield>
   <datafield tag="653" ind2=" " ind1=" ">
      <subfield code="a">Equacions diferencials el·líptiques</subfield>
   </datafield>
   <datafield tag="653" ind2=" " ind1=" ">
      <subfield code="a">35J Partial differential equations of elliptic type</subfield>
   </datafield>
   <datafield ind2="0" ind1="0" tag="245">
      <subfield code="a">Orders of CM elliptic curves modulo p with at most two primes</subfield>
   </datafield>
</record></metadata></record></GetRecord></OAI-PMH>